000 00448cam a2200169ua 4500
001 5675
005 20260515113924.0
008 131008n ii |||gr||||Z||||||art
040 _cMAIN
082 _a954.162
245 _aAsomor Chamu Ithihash
_cBy Laxmi Devi
250 _a1st ed.
260 _aDibrugarh University:
_bPathyaputhy Prostuti Samanay Samiti,
_c1972.
653 _aAsomor Chamu Itihash
700 _aDevi,Laxmi,
_eAuthor.
942 _cBK
999 _c4830
_d4830